Oscar Best Pictures - Sudden Death - Statistics

General Stats
  • This quiz has been taken 3,401 times
    3,388 since last reset
  • The average score is 8 of 23
Answers on the Grid
Answers color-coded by a green-red scale on the quiz's grid according to % correct below.
A Beautiful Mind
Raging Bull
Kramer vs. Kramer
Pulp Fiction
The Sound of Music
Hamlet
The Silence of the Lambs
The Social Network
Rebecca
Crash
The Lord of the Rings:
The Fellowship of the Ring
Birdman
Casablanca
12 Angry Men
La La Land
Brokeback Mountain
Green Book
It Happened One Night
The Godfather Part II
2001: A Space Odyssey
The Shawshank Redemption
Gladiator
Parasite
Rocky
My Fair Lady
Citizen Kane
Slumdog Millionaire
Nomadland
The Hurt Locker
It's a Wonderful Life
To Kill a Mockingbird
West Side Story
Patton
Saving Private Ryan
CODA
Out of Africa
 
Answer Stats
Answer % Correct
Parasite
53%
Slumdog Millionaire
47%
Green Book
45%
Birdman
43%
The Silence of the Lambs
43%
CODA
42%
Gladiator
41%
Nomadland
41%
The Godfather Part II
37%
Crash
36%
The Hurt Locker
36%
A Beautiful Mind
35%
Casablanca
33%
Kramer vs. Kramer
33%
West Side Story
33%
Out of Africa
32%
Rocky
32%
The Sound of Music
32%
Patton
27%
It Happened One Night
26%
My Fair Lady
26%
Hamlet
22%
Rebecca
22%
No matching quizzes found
Score Distribution
Percent of People with Each Score
Percentile by Number Answered
Your Score History
You have not taken this quiz since the last reset